header

Sheep nutrition (Record no. 137990)

MARC details
000 -LEADER
fixed length control field 01186nam a22003014a 4500
245 00 - TITLE STATEMENT
Title Sheep nutrition
260 ## - PUBLICATION, DISTRIBUTION, ETC. (IMPRINT)
Place of publication Wallingford, Oxon, UK ;
-- New York, NY, USA :
Name of publisher CABI Pub. in association with CSIRO Pub.,
Year of publication c2002.
300 ## - PHYSICAL DESCRIPTION
Number of Pages x, 385 p. :
Other physical details ill.
650 #0 - SUBJECT ADDED ENTRY--TOPICAL TERM
Topical Term Sheep
Topical Term Sheep
700 1# - ADDED ENTRY--PERSONAL NAME
Personal name Freer, M.
Personal name Dove, H.
856 40 - ELECTRONIC LOCATION AND ACCESS
Uniform Resource Identifier http://site.ebrary.com/lib/rucke/Doc?id=10173505

No items available.

© 2026 Rongo University
Contact us: librarian | system librarian | Rongo university